<?xml version="1.0" encoding="UTF-8"?>
<record
    xmlns:xsi="http://www.w3.org/2001/XMLSchema-instance"
    xsi:schemaLocation="http://www.loc.gov/MARC21/slim http://www.loc.gov/standards/marcxml/schema/MARC21slim.xsd"
    xmlns="http://www.loc.gov/MARC21/slim">

  <leader>00897nam a2200229Ia 4500</leader>
  <controlfield tag="003">SEM</controlfield>
  <controlfield tag="005">20220926113346.0</controlfield>
  <controlfield tag="008">141116s1978    ai ||||gr||||||01|0 arm|d</controlfield>
  <datafield tag="040" ind1=" " ind2=" ">
    <subfield code="a">SEM</subfield>
    <subfield code="c">SEM</subfield>
  </datafield>
  <datafield tag="041" ind1=" " ind2=" ">
    <subfield code="a">arm</subfield>
    <subfield code="a">rus</subfield>
    <subfield code="a">eng</subfield>
  </datafield>
  <datafield tag="080" ind1=" " ind2=" ">
    <subfield code="a">726.5(47.925)/&#x540;-42</subfield>
  </datafield>
  <datafield tag="100" ind1="1" ind2="0">
    <subfield code="a">&#x540;&#x561;&#x580;&#x578;&#x582;&#x569;&#x575;&#x578;&#x582;&#x576;&#x575;&#x561;&#x576;, &#x54E;&#x561;&#x580;&#x561;&#x566;&#x564;&#x561;&#x57F;</subfield>
    <subfield code="q">(Haroutiounian, Varazdat)</subfield>
  </datafield>
  <datafield tag="245" ind1="1" ind2="0">
    <subfield code="a">&#x537;&#x57B;&#x574;&#x56B;&#x561;&#x56E;&#x56B;&#x576;=&#x42D;&#x447;&#x43C;&#x438;&#x430;&#x434;&#x437;&#x438;&#x43D;=Etchmiadsin /</subfield>
    <subfield code="c">&#x54E;. &#x540;&#x561;&#x580;&#x578;&#x582;&#x569;&#x575;&#x578;&#x582;&#x576;&#x575;&#x561;&#x576;; &#x53D;&#x574;&#x562;.` &#x531;. &#x547;&#x561;&#x580;&#x578;&#x582;&#x562;&#x575;&#x561;&#x576;</subfield>
  </datafield>
  <datafield tag="246" ind1=" " ind2=" ">
    <subfield code="a"> </subfield>
  </datafield>
  <datafield tag="260" ind1=" " ind2=" ">
    <subfield code="a">&#x535;&#x580;&#x587;&#x561;&#x576; :</subfield>
    <subfield code="b">&#xAB;&#x54D;&#x578;&#x57E;&#x565;&#x57F;&#x561;&#x56F;&#x561;&#x576; &#x563;&#x580;&#x578;&#x572;&#xBB; &#x570;&#x580;&#x561;&#x57F;.,</subfield>
    <subfield code="c">1978.</subfield>
  </datafield>
  <datafield tag="300" ind1=" " ind2=" ">
    <subfield code="a">47 &#x567;&#x57B; ;</subfield>
    <subfield code="b">&#x576;&#x56F;.;</subfield>
    <subfield code="c">25 &#x57D;&#x574;</subfield>
  </datafield>
  <datafield tag="650" ind1=" " ind2=" ">
    <subfield code="a">&#x540;&#x561;&#x575; &#x573;&#x561;&#x580;&#x57F;&#x561;&#x580;&#x561;&#x57A;&#x565;&#x57F;&#x578;&#x582;&#x569;&#x575;&#x578;&#x582;&#x576; </subfield>
    <subfield code="x">&#x537;&#x57B;&#x574;&#x56B;&#x561;&#x56E;&#x56B;&#x576;</subfield>
  </datafield>
  <datafield tag="650" ind1=" " ind2=" ">
    <subfield code="a">&#x540;&#x561;&#x575;&#x56F;&#x561;&#x56F;&#x561;&#x576; &#x565;&#x56F;&#x565;&#x572;&#x565;&#x581;&#x56B;&#x576;&#x565;&#x580; </subfield>
    <subfield code="x">&#x573;&#x561;&#x580;&#x57F;&#x561;&#x580;&#x561;&#x57A;&#x565;&#x57F;&#x578;&#x582;&#x569;&#x575;&#x578;&#x582;&#x576;</subfield>
    <subfield code="v">&#x57A;&#x561;&#x57F;&#x574;&#x578;&#x582;&#x569;&#x575;&#x578;&#x582;&#x576;</subfield>
  </datafield>
  <datafield tag="653" ind1=" " ind2=" ">
    <subfield code="a">&#x54D;&#x537;&#x544;</subfield>
  </datafield>
  <datafield tag="700" ind1=" " ind2=" ">
    <subfield code="a">&#x547;&#x561;&#x580;&#x578;&#x582;&#x562;&#x575;&#x561;&#x576; &#x531;.</subfield>
    <subfield code="4">edt.</subfield>
    <subfield code="e">&#x56D;&#x574;&#x562;.</subfield>
  </datafield>
  <datafield tag="942" ind1=" " ind2=" ">
    <subfield code="2">udc</subfield>
    <subfield code="c">BK</subfield>
  </datafield>
  <datafield tag="999" ind1=" " ind2=" ">
    <subfield code="c">44313</subfield>
    <subfield code="d">44313</subfield>
  </datafield>
  <datafield tag="952" ind1=" " ind2=" ">
    <subfield code="0">0</subfield>
    <subfield code="1">0</subfield>
    <subfield code="2">udc</subfield>
    <subfield code="4">0</subfield>
    <subfield code="7">0</subfield>
    <subfield code="8">&#x533;&#x580;&#x561;&#x57A;&#x561;&#x570;&#x578;&#x581;</subfield>
    <subfield code="a">SEM</subfield>
    <subfield code="b">SEM</subfield>
    <subfield code="d">2014-11-16</subfield>
    <subfield code="g">1000.00</subfield>
    <subfield code="i">1676</subfield>
    <subfield code="l">0</subfield>
    <subfield code="o">726.5(47.925)/&#x540;-42</subfield>
    <subfield code="p">1676</subfield>
    <subfield code="r">2014-11-16</subfield>
    <subfield code="w">2014-11-16</subfield>
    <subfield code="y">BK</subfield>
    <subfield code="z">&#x54D;&#x57A;&#x561;&#x57D;&#x561;&#x580;&#x56F;&#x57E;&#x578;&#x582;&#x574; &#x567; &#x568;&#x576;&#x569;&#x565;&#x580;&#x581;&#x561;&#x57D;&#x580;&#x561;&#x570;</subfield>
  </datafield>
  <datafield tag="952" ind1=" " ind2=" ">
    <subfield code="0">0</subfield>
    <subfield code="1">0</subfield>
    <subfield code="2">udc</subfield>
    <subfield code="4">0</subfield>
    <subfield code="7">0</subfield>
    <subfield code="8">&#x533;&#x580;&#x561;&#x57A;&#x561;&#x570;&#x578;&#x581;</subfield>
    <subfield code="a">SEM</subfield>
    <subfield code="b">SEM</subfield>
    <subfield code="d">2019-06-10</subfield>
    <subfield code="g">1000.00</subfield>
    <subfield code="i">27611</subfield>
    <subfield code="l">0</subfield>
    <subfield code="o">726.5(47.925)/&#x540;-42</subfield>
    <subfield code="p">27611</subfield>
    <subfield code="r">2019-06-10</subfield>
    <subfield code="w">2019-06-10</subfield>
    <subfield code="y">BK</subfield>
    <subfield code="z">&#x54D;&#x57A;&#x561;&#x57D;&#x561;&#x580;&#x56F;&#x57E;&#x578;&#x582;&#x574; &#x567; 30 &#x585;&#x580;</subfield>
  </datafield>
  <datafield tag="952" ind1=" " ind2=" ">
    <subfield code="0">0</subfield>
    <subfield code="1">0</subfield>
    <subfield code="2">udc</subfield>
    <subfield code="4">0</subfield>
    <subfield code="7">0</subfield>
    <subfield code="8">&#x533;&#x580;&#x561;&#x57A;&#x561;&#x570;&#x578;&#x581;</subfield>
    <subfield code="a">SEM</subfield>
    <subfield code="b">SEM</subfield>
    <subfield code="d">2022-09-15</subfield>
    <subfield code="g">500.00</subfield>
    <subfield code="i">&#x53D;&#x561;&#x579;-1046</subfield>
    <subfield code="l">0</subfield>
    <subfield code="o">&#x53D;&#x561;&#x579;-1046</subfield>
    <subfield code="p">&#x53D;&#x561;&#x579;-1046</subfield>
    <subfield code="r">2022-09-15</subfield>
    <subfield code="w">2022-09-15</subfield>
    <subfield code="y">BK</subfield>
    <subfield code="z">&#x54D;&#x57A;&#x561;&#x57D;&#x561;&#x580;&#x56F;&#x57E;&#x578;&#x582;&#x574; &#x567; 30 &#x585;&#x580;</subfield>
  </datafield>
</record>
